Statistics for Answers Contain Mad

Click here to take the quiz!

General Stats

  • This quiz has been taken 377 times
  • The average score is 7 of 10

Answer Stats

ClueAnswer% Correct
Capital of SpainMadrid
95%
He had a tea partyMad Hatter
88%
French translation of Mrs.Madame
87%
African island countryMadagascar
86%
Best-selling female recording artistMadonna
81%
4th U.S. presidentJames Madison
79%
Football video gameMadden NFL
60%
Translation of MissMademoiselle
46%
"World's greatest word game"Mad Libs
34%
Tears for Fears songMad World
30%

Score Distribution

Percentile by Number Answered

Percent of People with Each Score

Your Score History

You have not taken this quiz